222 mẫu tiếng Anh dành cho mọi trường hợp

Guardat en:
Dades bibliogràfiques
Autor principal: Abraham Sung
Format: Llibre
Idioma:Undetermined
Publicat: Tp. HCM Nxb. Tp. HCM 1995
Matèries:
Etiquetes: Afegir etiqueta
Sense etiquetes, Sigues el primer a etiquetar aquest registre!
Thư viện lưu trữ: Trung tâm Học liệu Trường Đại học Cần Thơ
LEADER 00539nam a2200181Ia 4500
001 CTU_11190
008 210402s9999 xx 000 0 und d
082 |a 651.75 
082 |b S958 
100 |a Abraham Sung 
245 0 |a 222 mẫu tiếng Anh dành cho mọi trường hợp 
245 0 |c Abraham Sung; Dịch giả: Kim Tiến 
260 |a Tp. HCM 
260 |b Nxb. Tp. HCM 
260 |c 1995 
650 |a commercial correspondence 
904 |i Minh, 961016 
980 |a Trung tâm Học liệu Trường Đại học Cần Thơ